000 00567nam a22001817a 4500
003 OSt
005 20250730023952.0
008 250730b |||||||| |||| 00| 0 eng d
020 _a9820201446
040 _aDWCL-Main lib
_cOC
082 _aFil. 821.9 T366s 1999
100 _aThaman, Konai Helu
245 _aSongs of love :
_bnew and selected poems (1974-1999)
_cKonai Helu Thaman
260 _aSuva, Fiji :
_bMana Publications,
_cc1999.
300 _a137 pages :
_billustrations ;
_c21 cm.
650 _a1. Oceania--Poetry.
942 _2ddc
_cBK - FIL
_kFil.
_n0
999 _c3887
_d3887